000 01589nam a2200373 a 4500
001 00170
003 DO-SdBNP
005 20180309112103.0
007 00170
008 091118s2008 dr 2008 000 0 spa d
020 _a9789945112030 (v . 4) Guía
020 _a9789945112276 (v. 4) Cuaderno
040 _aBPMSU
_bspa
_cBPMSU
092 _a372.83
_bR175s 4to. 2008
100 1 _aRamos Santos, Henry
245 0 0 _aSociedad 4 :
_bbásica /
_cHenry Ramos Santos ; editora Margarita Castro Catrain
260 _aSanto Domingo :
_bSantillana,
_c2008.
300 _a143 p. :
_bil., mapas., retrs. ;
_c28 cm.
490 1 _aCoral
500 _aLa biblioteca solamente posee la guía y cuaderno
505 0 _gv. 4 :
_tUnidad 1 --
_tNuestro planeta --
_tUnidad 2 --
_tLos medios naturales --
_tUnidad 3 --
_tLa República Dominicana --
_tUnidad 4 --
_tNuestros indígenas --
_tUnidad 5 --
_tEl descubrimiento --
_tUnidad 6 --
_tLa vida en la colonia --
_tUnidad 7 --
_tDivisión de la isla --
_tUnidad 8 --
_tLa República Dominicana.
650 4 _aCIENCIAS SOCIALAES
_xENSEÑANZA BÁSICA
650 4 _aCIENCIAS SOCIALES
_xEDUCACIÓN PRIMARIA
650 4 _aCIENCIAS SOCIALES
_xLIBROS DE TEXTOS
650 4 _aCIENCIAS SOCIALES
_xESTUDIOS Y EJERCICIOS
650 4 _aEDUCACIÓN PRIMARIA
_zREPÚBLICA DOMINICANA
700 1 2 _aCastro Catrain, Margarita
_eed.
830 0 _aCoral
910 _aValidado. Control de calidad MFF
942 _2ddc
_cBK
945 _aRemanejado para la BNPHU / 2018 VM
956 _aVMATEO
_b10
_c20150615
_lBPMSU
_h00151
956 _aBTAVÁREZ
_b10
_c20160408
_lBPMSU
_h170
999 _c9643
_d9643